| 000 | 01043nam a2200265Ia 4500 | ||
|---|---|---|---|
| 003 | GCL | ||
| 008 | 140319s9999 xx 000 0 ara d | ||
| 020 | _a1814509953 | ||
| 040 |
_aGCL / _cGCL |
||
| 082 | 0 | 4 |
_a320.5 _bح ن |
| 100 | 1 | _aحسنين توفيق ابراهيم | |
| 245 | 1 | 0 |
_aالنظم السياسية العربية : _bالاتجاهات الحديثة فى دراستها / _cحسنين توفيق ابراهيم |
| 250 | _aالاولى | ||
| 260 |
_aبيروت : _bمركز دراسات الوحدة العربية ، _c2005 |
||
| 300 |
_a423 ص ؛ _c24 سم |
||
| 650 | 0 | 4 | _aالاقتصاد |
| 650 | 0 | 4 | _aالنظم السياسية |
| 650 | 0 | 4 | _aالاسلام والسياسة |
| 650 | 0 | 4 | _aالمجتمع المدنى |
| 650 | 0 | 4 | _aالديمقراطية - العالم العربى |
| 650 | 0 | 4 | _aالنظم السياسية العربية |
| 650 | 0 | 4 | _aالتعددية السياسية - العالم العربى |
| 650 | 0 | 4 | _aالمجتمع المدنى - العالم العربى |
| 942 |
_2ddc _cBK |
||
| 999 |
_c7508 _d7508 |
||